Made in the USA : manufacturing policy, the defense industrial base, and U.S. national security : hearing before the Subcommittee on National Security and Foreign Affairs of the Committee on Oversight and Government Reform, House of Representatives, One Hundred Eleventh Congress, second session, September 22, 2010.

Bibliographic Details
Corporate Author: United States. Congress. House. Committee on Oversight and Government Reform. Subcommittee on National Security and Foreign Affairs
Format: Government Document eBook
Language:English
Published: Washington : U.S. G.P.O., 2011.
Subjects:
Online Access:Electronic resource (PDF)

MARC

Tag First Indicator Second Indicator Subfields
LEADER 00000cam a22000001a 4500
001 in00004122001
005 20200117092045.0
006 m d f
007 cr bn mmmapmmp
008 110812s2011 dcua ob f000 0 eng d
035 |a chdc201100867 
040 |a UMI  |c UMI  |d UtOrBLW 
043 |a n-us--- 
086 0 |a Y 4.G 74/7:111-153 
110 1 |a United States.  |b Congress.  |b House.  |b Committee on Oversight and Government Reform.  |b Subcommittee on National Security and Foreign Affairs.  |0 http://id.loc.gov/authorities/names/n2007035877 
245 1 0 |a Made in the USA :  |b manufacturing policy, the defense industrial base, and U.S. national security : hearing before the Subcommittee on National Security and Foreign Affairs of the Committee on Oversight and Government Reform, House of Representatives, One Hundred Eleventh Congress, second session, September 22, 2010. 
264 1 |a Washington :  |b U.S. G.P.O.,  |c 2011. 
264 2 |a Washington :  |b For sale by the Supt. of Docs., U.S. G.P.O. 
300 |a iii, 146 pages :  |b illustrations, digital, PDF file. 
336 |a text  |b txt  |2 rdacontent 
337 |a computer  |b c  |2 rdamedia 
338 |a online resource  |b cr  |2 rdacarrier 
500 |a Shipping list number: 2011-0387-P. 
504 |a Includes bibliographical references. 
500 |a "Serial number 111-153." 
500 |a Record is based on bibliographic data in ProQuest Congressional Hearings Digital Collection. Reuse except for individual research requires license from ProQuest, LLC. 
500 |a Electronic resource. 
533 |a Electronic reproduction.  |b [Bethesda, Md.] :  |c ProQuest,  |d 2011.  |e digital, PDF file.  |n ProQuest Congressional Hearings Digital Collection.  |n Mode of access: World Wide Web via ProQuest website. 
538 |a System requirements: PDF reader software. 
650 0 |a Defense industries  |z United States. 
650 0 |a Defense contracts  |z United States.  |0 http://id.loc.gov/authorities/subjects/sh2008102128 
650 0 |a Industrial policy  |z United States.  |0 http://id.loc.gov/authorities/subjects/sh2008104504 
776 0 8 |i Print version:  |a United States. Congress. House. Committee on Oversight and Government Reform. Subcommittee on National Security and Foreign Affairs.  |t Made in the USA  |w 2011451724  |w (OCoLC)ocn744463685  |z 9780160890956  |z 0160890950 
776 0 8 |i Microfiche version:  |a United States. Congress. House. Committee on Oversight and Government Reform. Subcommittee on National Security and Foreign Affairs.  |t Made in the USA  |d [Bethesda, Md.] : ProQuest,[2011]  |o CIS 2011 H601-102  |w (ProQuest)cis01101450 
856 4 0 |u http://proxy.library.tamu.edu/login?url=http://search.proquest.com/congcomp/getdoc?HEARING-ID=HRG-2010-CGR-0070  |y Electronic resource (PDF)  |t 0 
998 |a cis01101450 
999 f f |s 1ea5c77f-6597-342b-9d93-179dde4278dd  |i 2c596ed4-5cbb-3d67-a872-c5c4859941ac  |t 0 
952 f f |a Texas A&M University  |b College Station  |c Electronic Resources  |d Available Online  |t 0  |e Y 4.G 74/7:111-153  |h Superintendent of Documents classification 
998 f f |a Y 4.G 74/7:111-153  |t 0  |l Available Online